5HLuxD.jpg

KING HENRY VIII SENIOR AND PRIMARY SCHOOL LIBRARY OPAC

The 65-story treehouse / (Record no. 3859)

000 -LEADER
fixed length control field 01764cam a2200385 i 4500
001 - CONTROL NUMBER
control field 431872
003 - CONTROL NUMBER IDENTIFIER
control field OSt
005 - DATE AND TIME OF LATEST TRANSACTION
control field 20241112104200.0
008 - FIXED-LENGTH DATA ELEMENTS--GENERAL INFORMATION
fixed length control field 240717t20162015enka j 000 1 eng d
020 ## - INTERNATIONAL STANDARD BOOK NUMBER
International Standard Book Number 9781035033430
Qualifying information (pbk.) :
040 ## - CATALOGING SOURCE
Original cataloging agency 臺東縣政府文化處
Language of cataloging eng
Transcribing agency 臺東縣政府文化處
Description conventions AACR2
Modifying agency KH8
041 0# - LANGUAGE CODE
Language code of text/sound track or separate title eng
042 ## - AUTHENTICATION CODE
Authentication code nbic
082 0# - DEWEY DECIMAL CLASSIFICATION NUMBER
Classification number 823.92 GRI
100 1# - MAIN ENTRY--PERSONAL NAME
Personal name Griffiths, Andy,
Dates associated with a name 1961-
Relator term aut.
245 14 - TITLE STATEMENT
Title The 65-story treehouse /
Statement of responsibility, etc. by Andy Griffiths & Terry Denton.
260 ## - PUBLICATION, DISTRIBUTION, ETC.
Place of publication, distribution, etc. London :
Name of publisher, distributor, etc. Macmillan Children's Books,
Date of publication, distribution, etc. 2016, c2015.
300 ## - PHYSICAL DESCRIPTION
Extent 377 p. :
Other physical details ill. ;
Dimensions 20 cm.
500 ## - GENERAL NOTE
General note "Originally published in 2015 as The 65-storey treehouse in Australia by Pan Macmillan Australia Pty Ltd."--T.p. verso.
505 0# - FORMATTED CONTENTS NOTE
Formatted contents note The 65-story treehouse -- Attack of the ants! -- Jill to the rescue -- Inspector bubblewrap -- Prehistoric pond scum -- Dancing with dinosaurs -- Stone age art school -- Mummy madness -- Bin-Hur -- The future -- The future's future -- Back to the present -- The last chapter.
520 ## - SUMMARY, ETC.
Summary, etc. Andy and Terry travel through time trying to save their treehouse from highly talented, angry ants and Inspector Bubblewrap the building inspector while rushing to meet their publisher's deadline.
586 ## - AWARDS NOTE
Awards note A Junior Library Guild selection, September 2017.
650 #0 - SUBJECT ADDED ENTRY--TOPICAL TERM
Topical term or geographic name entry element Humorous stories.
650 #0 - SUBJECT ADDED ENTRY--TOPICAL TERM
Topical term or geographic name entry element Tree houses
Form subdivision Juvenile fiction.
650 #0 - SUBJECT ADDED ENTRY--TOPICAL TERM
Topical term or geographic name entry element Imagination
Form subdivision Juvenile fiction.
650 #0 - SUBJECT ADDED ENTRY--TOPICAL TERM
Topical term or geographic name entry element Authors
Form subdivision Juvenile fiction.
650 #0 - SUBJECT ADDED ENTRY--TOPICAL TERM
Topical term or geographic name entry element Illustrators
Form subdivision Juvenile fiction.
650 #1 - SUBJECT ADDED ENTRY--TOPICAL TERM
Topical term or geographic name entry element Tree houses
Form subdivision Fiction.
650 #1 - SUBJECT ADDED ENTRY--TOPICAL TERM
Topical term or geographic name entry element Imagination
Form subdivision Fiction.
650 #1 - SUBJECT ADDED ENTRY--TOPICAL TERM
Topical term or geographic name entry element Authors
Form subdivision Fiction.
650 #1 - SUBJECT ADDED ENTRY--TOPICAL TERM
Topical term or geographic name entry element Illustrators
Form subdivision Fiction.
650 #1 - SUBJECT ADDED ENTRY--TOPICAL TERM
Topical term or geographic name entry element Humorous stories.
700 1# - ADDED ENTRY--PERSONAL NAME
Personal name Denton, Terry,
Relator term ill.
942 ## - ADDED ENTRY ELEMENTS (KOHA)
Source of classification or shelving scheme
Koha item type Books - Fiction
Holdings
Withdrawn status Lost status Source of classification or shelving scheme Damaged status Not for loan Collection code Permanent Location Current Location Shelving location Date acquired Total Checkouts Total Renewals Full call number Barcode Date last seen Date last checked out Price effective from Koha item type
          Fiction KH8 Primary School Library KH8 Primary School Library Fiction 2024-11-12 6 1 823.92 GRI KHPL000004565 2025-12-05 2025-05-15 2024-11-12 Books - Fiction

Powered By KH8 IT Dept